| 000 | 00811nam a2200265 i 4500 | ||
|---|---|---|---|
| 999 |
_c200439617 _d57829 |
||
| 003 | TR-AnTOB | ||
| 005 | 20240425084815.0 | ||
| 007 | ta | ||
| 008 | 210219s1994 tu g 000 0 tur d | ||
| 040 |
_aTR-AnTOB _beng _erda _cTR-AnTOB |
||
| 041 | 0 | _atur | |
| 050 | 1 | 4 |
_aHG1206.5 _b.Ç55 1994 |
| 090 |
_aTOBBK HG1206.5 _b.Ç55 1994 |
||
| 100 | 1 |
_aÇilli, Hüseyin _eauthor _9129346 |
|
| 245 | 1 | 0 |
_aEnflasyon bankalar ve risk / _cHüseyin Çilli. |
| 264 | 1 |
_aAnkara : _bTürkiye Bankalar Birliği, _c1994. |
|
| 300 |
_a13 pages ; _c22 cm |
||
| 336 |
_atext _btxt _2rdacontent |
||
| 337 |
_aunmediated _bn _2rdamedia |
||
| 338 |
_avolume _bnc _2rdacarrier |
||
| 650 | 7 |
_aEnflasyon (Finans) _zTürkiye _2etuturkob _919290 |
|
| 942 |
_2z _cBK |
||